| 000 -LEADER |
| fixed length control field |
01109nam a22003617a 4500 |
| 001 - CONTROL NUMBER |
| control field |
31606701 |
| 003 - CONTROL NUMBER IDENTIFIER |
| control field |
OSt |
| 005 - DATE AND TIME OF LATEST TRANSACTION |
| control field |
20210420052959.0 |
| 008 - FIXED-LENGTH DATA ELEMENTS--GENERAL INFORMATION |
| fixed length control field |
980429n1995 xx u001 0 eng u |
| 010 ## - LIBRARY OF CONGRESS CONTROL NUMBER |
| LC control number |
94044230 |
| 020 ## - INTERNATIONAL STANDARD BOOK NUMBER |
| International Standard Book Number |
0517593068 |
| 025 ## - OVERSEAS ACQUISITION NUMBER |
| Overseas acquisition number |
000000083736 |
| 040 ## - CATALOGING SOURCE |
| Original cataloging agency |
eng |
| Transcribing agency |
DLC |
| Language of cataloging |
eng |
| 041 ## - LANGUAGE CODE |
| Language code of text/sound track or separate title |
eng |
| 043 ## - GEOGRAPHIC AREA CODE |
| Geographic area code |
n-us-ma |
| 049 ## - LOCAL HOLDINGS (OCLC) |
| Holding library |
YYEA |
| 080 ## - UNIVERSAL DECIMAL CLASSIFICATION NUMBER |
| Universal Decimal Classification number |
61 (09) |
| Item number |
L-24 |
| 096 ## - LOCALLY ASSIGNED NLM-TYPE CALL NUMBER (OCLC) |
| Classification number |
W 19 L284h 1995 |
| 100 1# - MAIN ENTRY--PERSONAL NAME |
| Personal name |
Langone, John, |
| Dates associated with a name |
1929- |
| 245 10 - TITLE STATEMENT |
| Title |
Harvard Med : |
| Remainder of title |
the story behind America's premier medical school and the making of America's doctors / |
| Statement of responsibility, etc. |
John Langone. |
| 250 ## - EDITION STATEMENT |
| Edition statement |
1st ed. |
| 260 ## - PUBLICATION, DISTRIBUTION, ETC. |
| Place of publication, distribution, etc. |
New York : |
| Name of publisher, distributor, etc. |
Crown Publishers, |
| Date of publication, distribution, etc. |
c1995. |
| 300 ## - PHYSICAL DESCRIPTION |
| Extent |
xiii, 383 p. ; |
| Dimensions |
25 cm. |
| 365 ## - TRADE PRICE |
| Price amount |
25 usd |
| 504 ## - BIBLIOGRAPHY, ETC. NOTE |
| Bibliography, etc. note |
Includes bibliographical references and index. |
| 590 ## - LOCAL NOTE (RLIN) |
| Local note |
c. 1 951196 Ritt 6/30/95 $25. |
| 650 #2 - SUBJECT ADDED ENTRY--TOPICAL TERM |
| Topical term or geographic name entry element |
Schools, Medical. |
| 650 #0 - SUBJECT ADDED ENTRY--TOPICAL TERM |
| Topical term or geographic name entry element |
History of Medicine |
| 9 (RLIN) |
335 |
| 653 ## - INDEX TERM--UNCONTROLLED |
| Uncontrolled term |
მედიცინის ისტორია |
| 653 ## - INDEX TERM--UNCONTROLLED |
| Uncontrolled term |
სამედიცინო სკოლები |
| 710 2# - ADDED ENTRY--CORPORATE NAME |
| Corporate name or jurisdiction name as entry element |
Harvard Medical School. |
| 942 ## - ADDED ENTRY ELEMENTS (KOHA) |
| Source of classification or shelving scheme |
|
| Koha item type |
Books |
| Edition |
1 |